Partie septentrionale du royaume de Hongrie

Podrobná bibliografia
Ďalší autori: Sanson, Nicolas, 1600-1667 (Kartograf)
Médium: Mapa
Jazyk:stará francúzština
Fyzický popis:1 mapa na 1 liste fareb. 36 x 58 cm, na liste 44 x 59 cm
Vydavateľské údaje: Paris [s.n.] [1664]
Vydanie:[1ére ed.]
Predmet:

MARC

LEADER 00000nem a2200000 a 4500
001 vtls009186783
003 SK-MaSNL
005 20260331204908.0
007 aj cafzn
008 180810 1664 fr i a 0 fro
034 0 |a a 
040 |a SNK  |b slo  |c SNK  |e AACR2 
041 0 |a fro 
043 |a e-hu--- 
044 |a fr  |c FR 
072 7 |a 913(4)  |x Geografia Európy, reálie, cestovanie  |2 konspekt 
072 7 |a 912  |x Mapy. Atlasy  |2 konspekt 
080 |a 913(439)  |2 2001 
080 |a 084.3(091.7)  |2 2001 
100 1 |a Sanson, Nicolas,  |d 1600-1667  |4 ctg  |9 404887 
245 1 0 |a Partie septentrionale du royaume de Hongrie  |h kartografický dokument  |c par le S. Sanson 
250 |a [1ére ed.] 
255 |a Mierka uvedená na mape v neštandardnej podobe 
260 |a Paris  |b [s.n.]  |c [1664] 
300 |a 1 mapa na 1 liste  |b fareb.  |c 36 x 58 cm, na liste 44 x 59 cm 
651 7 |a Uhorsko  |2 SNKPH  |9 28673 
655 7 |a mapové faksimile  |2 SNKPH  |9 404888 
958 |a ONDV 
999 |c 656042  |d 657972 
952 |a SNK  |b SNK  |y PREZ  |7 0  |p 17A0581904  |o snkSLCm 2675  |i snk2008/4949  |8 3  |g 597.49  |0 0  |1 0  |4 0  |d 2008-02-27  |l 0  |r 2026-02-23 18:36:45  |w 2026-02-23